<?xml version="1.0" encoding="UTF-8"?>
<record
    xmlns:xsi="http://www.w3.org/2001/XMLSchema-instance"
    xsi:schemaLocation="http://www.loc.gov/MARC21/slim http://www.loc.gov/standards/marcxml/schema/MARC21slim.xsd"
    xmlns="http://www.loc.gov/MARC21/slim">

  <leader>02268cam a2200313   4500</leader>
  <datafield tag="999" ind1=" " ind2=" ">
    <subfield code="c">3826</subfield>
    <subfield code="d">3826</subfield>
  </datafield>
  <controlfield tag="001">445259</controlfield>
  <controlfield tag="003">OSt</controlfield>
  <controlfield tag="005">20190329105642.0</controlfield>
  <controlfield tag="008">901121m18861890nyu           001 0 eng  </controlfield>
  <datafield tag="010" ind1=" " ind2=" ">
    <subfield code="a">01017018 //r842</subfield>
  </datafield>
  <datafield tag="020" ind1=" " ind2=" ">
    <subfield code="a">0802881181 (v.4)</subfield>
  </datafield>
  <datafield tag="035" ind1=" " ind2=" ">
    <subfield code="a">0317-94060</subfield>
  </datafield>
  <datafield tag="040" ind1=" " ind2=" ">
    <subfield code="a">DLC</subfield>
    <subfield code="c">DLC</subfield>
    <subfield code="d">m.c</subfield>
  </datafield>
  <datafield tag="041" ind1="1" ind2=" ">
    <subfield code="a">eng</subfield>
    <subfield code="h">mul</subfield>
  </datafield>
  <datafield tag="050" ind1="0" ind2=" ">
    <subfield code="a">BR60</subfield>
    <subfield code="b">.S4 1886</subfield>
  </datafield>
  <datafield tag="082" ind1=" " ind2=" ">
    <subfield code="a">REF 281.4</subfield>
    <subfield code="b">S296S</subfield>
  </datafield>
  <datafield tag="245" ind1="0" ind2="2">
    <subfield code="a">A Select library of the Nicene and post-Nicene fathers of the Christian church.</subfield>
    <subfield code="c">Edited by Philip Schaff and Henry Wace in connection with a number of patristic scholars of Europe and America</subfield>
  </datafield>
  <datafield tag="260" ind1=" " ind2=" ">
    <subfield code="a">Michigan</subfield>
    <subfield code="b">Eerdmans Publishing Company</subfield>
    <subfield code="c">c1983</subfield>
  </datafield>
  <datafield tag="300" ind1=" " ind2=" ">
    <subfield code="a">vol.4.;606p.;</subfield>
    <subfield code="c">26 cm</subfield>
  </datafield>
  <datafield tag="500" ind1=" " ind2=" ">
    <subfield code="a">English translations, with notes</subfield>
  </datafield>
  <datafield tag="500" ind1=" " ind2=" ">
    <subfield code="a">Vols. 1-4, published in Buffalo</subfield>
  </datafield>
  <datafield tag="500" ind1=" " ind2=" ">
    <subfield code="a">Vol. 13, published by Eerdmans Pub. Co., Grand Rapids, Mich</subfield>
  </datafield>
  <datafield tag="500" ind1=" " ind2=" ">
    <subfield code="a">Includes index</subfield>
  </datafield>
  <datafield tag="505" ind1="0" ind2=" ">
    <subfield code="a">v. 1. The confessions and letters of St. Augustin, with a sketch of his life and work -- v. 2. St Augustin's City of God and Christian doctrine - - v. 3. St. Augustin: On the Holy Trinity. Doctrinal treatises. Moral treatises -- v. 4. St. Augustin: The writings against the Manich&#xE6;ans, and against the Donatists -- v. 5. Saint Augustin: Anti-Pelagian writings -- v. 6. Saint Augustin: Sermon on the mount. Harmony of the Gospels. Homilies on the Gospels -- v. 7. St. Augustin: Homilies on the Gospel of John. Homilies on the First epistle of John. Soliloquie  -- v. 8. St. Augustin: Expositions on the book of Psalms -- v. 9. St. Chrysostom: On the priesthood; Ascetic treatises; Select homilies and letters; Homilies on the statutes -- v. 10. St. Chrysostom: Homilies on the Gospel of St. Matthew -- v. 11. St. Chrysostom: Homilies on the Acts of the apostles and the Epistle to the Romans -- v. 12. St. Chrysostom: Homilies on the Epistles of Paul to the Corinthians -- v. 13. St. Chrysostom: homilies on Galatians, Ephesians, Philippians, Colossians, Thessalonians, Timothy, Titus, and Philemon --- v. 14. St. Chrysostom: Homilies on the Gospel of St. John and the Epistle to the Hebrews</subfield>
  </datafield>
  <datafield tag="650" ind1=" " ind2="0">
    <subfield code="a">Christian literature, Early</subfield>
  </datafield>
  <datafield tag="700" ind1="0" ind2=" ">
    <subfield code="a">Augustine,</subfield>
    <subfield code="c">Saint, Bishop of Hippo</subfield>
  </datafield>
  <datafield tag="700" ind1="0" ind2=" ">
    <subfield code="a">John Chrysostom,</subfield>
    <subfield code="c">Saint,</subfield>
    <subfield code="d">d. 407</subfield>
  </datafield>
  <datafield tag="942" ind1=" " ind2=" ">
    <subfield code="2">ddc</subfield>
    <subfield code="c">REF</subfield>
  </datafield>
  <datafield tag="952" ind1=" " ind2=" ">
    <subfield code="0">0</subfield>
    <subfield code="1">0</subfield>
    <subfield code="2">ddc</subfield>
    <subfield code="4">0</subfield>
    <subfield code="7">1</subfield>
    <subfield code="8">REF</subfield>
    <subfield code="a">HMC</subfield>
    <subfield code="b">HMC</subfield>
    <subfield code="c">REF</subfield>
    <subfield code="d">2018-11-22</subfield>
    <subfield code="g">1020.00</subfield>
    <subfield code="l">0</subfield>
    <subfield code="o">REF 281.4 S296S</subfield>
    <subfield code="p">004409</subfield>
    <subfield code="r">2018-11-22 00:00:00</subfield>
    <subfield code="w">2018-11-22</subfield>
    <subfield code="y">REF</subfield>
  </datafield>
</record>
